000 00671nam a2200289Ia 4500
005 20260324144232.0
008 008 260324s9999 xx 000 0 eng d
020 _a9781003419204
037 _aEBOOK
040 _aCRL
040 _beng
040 _cCRL
041 _2eng
041 _aeng
084 _qCRL
100 _aMax Lerner
_91209857
245 0 _aIt is Later Than You Think
245 0 _bNeed for a Militant Democracy
260 _bTaylor and Francis
260 _c1989
365 _a
365 _b170
856 _uhttp://www.taylorfrancis.com/books/9781003419204
942 _cEBOOK
999 _c1824939
_d1824939